Aston Villa Squad 2019-2020 - Statistics

General Stats
  • This quiz has been taken 46 times
  • The average score is 20 of 31
Answer Stats
# Position Nation Player % Correct
10 MF England Jack Grealish
93%
40 DF England Tyrone Mings
88%
21 FW Netherlands Anwar El Ghazi
85%
6 MF Brazil Douglas Luiz
85%
7 MF Scotland John McGinn
85%
1 GK England Tom Heaton
80%
9 FW Brazil Wesley Moraes
80%
15 DF England Ezri Konsa
78%
11 MF Zimbabwe Marvelous Nakamba
78%
17 FW Egypt Trézéguet
78%
- Coach England Dean Smith
76%
14 MF Ireland Conor Hourihane
73%
20 FW Tanzania Mbwana Samatta
73%
27 DF Egypt Ahmed Elmohamady
68%
3 DF Wales Neil Taylor
68%
18 DF England Matt Targett
63%
29 GK Spain Pepe Reina
63%
22 DF Belgium Björn Engels
61%
25 GK Norway Ørjan Nyland
61%
24 DF France Frédéric Guilbert
59%
5 DF Wales James Chester
59%
12 GK England Jed Steer
56%
23 FW Spain Jota Peleteiro
54%
30 DF England Kortney Hause
54%
4 MF England Danny Drinkwater
44%
39 FW England Keinan Davis
44%
28 GK Croatia Lovre Kalinić
44%
31 GK Montenegro Matija Šarkić
41%
19 FW Spain Borja Bastón
39%
26 FW Ivory Coast Jonathan Kodjia
39%
8 MF England Henri Lansbury
37%
No matching quizzes found
Score Distribution
Percent of People with Each Score
Percentile by Number Answered
Your Score History
You have not taken this quiz